Представление документа в формате RUSMARC

ПолеНазваниеЗначение
  Тип записи a
  Библиографический уровень c
001 Контрольный номер RU/IS/BASE/354718253
005 Дата корректировки 20240327124413.1
010 Индекс ISBN __
d Цена 2-06
101 Язык документа 0_
a Язык текста rus
c Язык оригинала rus
200 Заглавие и сведения об ответственности 1_
a Заглавие Оружие памяти
e Сведения, относящиеся к заглавию избранное
f Первые сведения об ответственности Аркадий Первенцев ; [ступ. ст. Ю. Похова]
b Общее обозначение материала Текст
210 Выходные данные 1_
a Место издания М.
c Издательство Моск. рабочий
d Дата издания 1977
215 Физическое описание __
a Объем 423, [1] с., 1 л. портр.
327 Примечание о содержании 0_
a Примечание о содержании Когда следуют Ленину
600 Персоналии _1
a Персоналии (Фамилия) Ленин, В. И.
c Дополнение к имени Ульянов В. И.
f Даты 1870-1924
g Полное имя Владимир Ильич
600 Персоналии _1
a Персоналии (Фамилия) Серафимович, А. С.
c Дополнение к имени Попов А. С.
f Даты 1863-1949
g Полное имя Александр Серафимович
600 Персоналии _1
a Персоналии (Фамилия) Гладков, Ф. В.
f Даты 1883-1958
g Полное имя Федор Васильевич
600 Персоналии _1
a Персоналии (Фамилия) Фадеев, А. А.
f Даты 1901-1956
g Полное имя Александр Александрович
600 Персоналии _1
a Персоналии (Фамилия) Панферов Ф. И.
f Даты 1896-1960
g Полное имя Федор Иванович
600 Персоналии _1
a Персоналии (Фамилия) Охлопков О. Н.
f Даты 1900-1967
g Полное имя Николай Павлович
600 Персоналии _1
a Персоналии (Фамилия) Буденный С. М.
f Даты 1883-1973
g Полное имя Семен Михайлович
600 Персоналии _1
a Персоналии (Фамилия) Первенцев А. А.
g Полное имя Аркадий Алексеевич
605 Заглавие как предмет __
a Заглавие Кочубей /роман/
606 Тематические рубрики __
a Основная рубрика Художественная литература
z Хронологическая подрубрика 20 в.
y Географическая подрубрика Россия; СССР
606 Тематические рубрики __
a Основная рубрика Русская литература XX в. (произведения)
610 Ключевые слова 0_
a Ключевые слова советская литература; повести; рассказы; персоналии; литературная критика; прозаики; военачальники; политические деятели; государственные деятели; актеры; воспоминания; романы; тема войны; Гражданская война; деятели культуры; заметки; тема политики
686 Индексы других классификаций __
a Классификационный индекс 84(2Рос=Рус)6-4
700 Автор _1
a Фамилия Первенцев
b Имя А. А.
g Полное личное имя Аркадий Алексеевич
4 Код отношения 070
702 Вторичная интеллектуальная ответственность _1
a Фамилия Пухов
b Имя Ю.
4 Код отношения Автор предисловия и т.д.
4 Код отношения 080
801 Источник записи _0
a Страна RU
b Организация Муниципальное бюджетное учреждение культуры "Централизованная библиотечная система" г. Сургут (Центральная городская библиотека им. А. С. Пушкина)
g Правила каталогизации КиК/Поспелова
801 Источник записи _1
a Страна RU
b Организация Муниципальное бюджетное учреждение культуры "Централизованная библиотечная система" г. Сургут (Центральная городская библиотека им. А. С. Пушкина)
g Правила каталогизации КиК/Поспелова
852 Данные о местонахождении __
j Шифр хранения 84(2Рос=Рус)6-4
c Каталожный индекс 84(2Рос=Рус)6-4
i Авторский знак П 26
p Инвентарный номер 65252(с)
901 Тип документа __
t Тип документа x
903 Характеристики (МАРС) __
a Дата передачи 20061207
969 Тип издания __
a Тип издания сборник
990 Данные о заказе (DOS) __
j Количество экземпляров (DOS) 1
t N записи в КСУ для И/У (DOS) ретро